000 00648nam a2200157Ia 4500
008 090124s9999 xx 000 0 und d
082 _b29601
245 _a विवेक व्यासपीठ व सामाजिक समरसता मंच
250 _a0
260 _bविवेक मुद्रणालय मुंबई
300 _a56
630 _a विवेक व्यासपीठ व सामाजिक समरसता मंच
700 _aपतंगे रमेश
730 _a विवेक व्यासपीठ व सामाजिक समरसता मंच
942 _cBOOK
999 _c94933
_d94933